Statistics for Countries where Christianity or Islam are not the major

Click here to take the quiz!

General Stats

  • This quiz has been taken 300 times
    (260 since last reset)
  • The average score is 15 of 24

Answer Stats

Answer% Correct
China
96%
Japan
94%
India
91%
North Korea
84%
Thailand
84%
Laos
83%
Vietnam
83%
Cambodia
82%
Nepal
82%
Bhutan
79%
Mongolia
77%
Myanmar
75%
Sri Lanka
70%
Taiwan
64%
Israel
54%
Sweden
39%
Czech Republic
38%
Estonia
38%
Denmark
36%
Norway
36%
Mauritius
29%
France
26%
Haiti
15%
Macau
0%

Score Distribution

Percentile by Number Answered

Percent of People with Each Score

Your Score History

You have not taken this quiz since the last reset